| 000 | 00000nam 2200000zi 4500 |
| 001 | 9.938051 |
| 003 | CaOODSP |
| 005 | 20240726114328 |
| 006 | m o d f |
| 007 | cr mn||||||||| |
| 008 | 240506s2013####oncd ob f|0| 0 eng d |
| 040 | |aCaOODSP|beng|erda|cCaOODSP |
| 043 | |an-cn--- |
| 086 | 1 |aA104-568/2013E-PDF |
| 245 | 00|aFood Safety Action Plan report : |b2011-2013 targeted surveys - chemistry : acrylamide in selected foods. |
| 246 | 10|aAcrylamide in selected foods |
| 264 | 1|a[Ottawa] : |bCanadian Food Inspection Agency = Agence canadienne d'inspection des aliments, |c[2013] |
| 300 | |a1 online resource (31 pages) : |bgraphs |
| 336 | |atext|btxt|2rdacontent |
| 337 | |acomputer|bc|2rdamedia |
| 338 | |aonline resource|bcr|2rdacarrier |
| 500 | |aCover title. |
| 500 | |a"TS-CHEM-11/13." |
| 500 | |aIssued also in French under title: Plan d’action pour assurer la sécurité des produits alimentaires rapport : 2011-2013 études ciblées - chimie : acrylamide dans certains aliments. |
| 504 | |aIncludes bibliographical references (pages 30-31). |
| 520 | |a"The main objectives of the 2011-2013 FSAP Acrylamide in Selected Foods survey were to generate baseline surveillance data on acrylamide levels in a defined set of food commodities, and to compare these levels to the previous FSAP survey on acrylamide (2010-11) and to similar surveys performed by Health Canada (HC) and the U.S. Food and Drug Administration (FDA)"--Executive summary, page 3. |
| 650 | 0|aAcrylamide|zCanada|xAnalysis. |
| 650 | 0|aFood adulteration and inspection|zCanada. |
| 710 | 2 |aCanadian Food Inspection Agency, |eissuing body. |
| 775 | 08|tPlan d’action pour assurer la sécurité des produits alimentaires rapport : |w(CaOODSP)9.941138 |
| 856 | 40|qPDF|s1.11 MB|uhttps://publications.gc.ca/collections/collection_2024/acia-cfia/A104-568-2013-eng.pdf |